| 000 | 00000nam##2200000za#4500 |
| 001 | 9.682600 |
| 003 | CaOODSP |
| 005 | 20210615133021 |
| 007 | ta |
| 008 | 150407|2004||||xxc||||| f|0| 0 fre|d |
| 040 | |aCaOODSP|bfre |
| 043 | |an-cn--- |
| 086 | 1 |aRC31-22/2004F |
| 110 | 1 |aCanada.|bCommission des revendications des Indiens. |
| 245 | 10|aRapport de médiation sur la revendication de la Première Nation de Moosomin relative à la cession de terres de réserve de 1909 |
| 246 | 14|aPremière Nation de Moosomin. Objet du rapport: Cession de terres de réserve de 1909 (Médiation) |
| 260 | |aOttawa - Ontario : |bCommission des revendications des Indiens |c2004. |
| 300 | |a16p. : |bcarte, références ; |c28 cm. |
| 520 | 3 |aCe rapport renferme un bref historique de la revendication de la Première Nation de Moosomin relative à la cession des terres de réserve de 1909 et un résumé des négociations ayant conduit au règlement de la revendication en septembre 2003. La revendication, qui a été présentée officiellement en juillet 1986, invoquait que la cession des réserves indiennes, en 1909, n’était pas valide parce que la Première Nation de Moosomin n’y avait pas consenti et que la vente des terres de réserve n’avait jamais été dans son intérêt. |
| 563 | |aReliure à spirale |
| 590 | |a04-38|b2004-09-17 |
| 691 | 07|aRevendication territoriale|2gcpds |
| 691 | 07|aAutochtones|2gcpds |
| 775 | 08|tReport on the mediation of the Moosomin First Nation 1909 reserve land surrender |w(CaOODSP)9.649402 |
| 776 | 0#|tRapport de médiation sur la revendication de la Première Nation de Moosomin relative à la cession de terres de réserve de 1909 |w(CaOODSP)9.631600 |